000
00335nam a2200145Ia 4500
008
150201s2014 xx 000 0 und d
082
_a
612.015
_b
B14S
100
_a
SATYANARAYANA, U.
245
_a
BIOCHEMISTRY
250
_a
4TH
260
_b
ELSEVIER
_a
INDIA
_c
2014
300
_a
800
650
_a
BIOCHEMISTRY
942
_2
ddc
_c
BK
_0
196
999
_c
2263
_d
2263